People and bordering countries puzzle (2) - Statistics

General Stats
  • This quiz has been taken 9 times
  • The average score is 9 of 20
Answer Stats
Hint Extra Hint Explanation Answer % Correct
The Notorious B.I.G. USA Mexico πŸ‡²πŸ‡½
100%
Papa Doc Duvalier Haiti Dominican Republic πŸ‡©πŸ‡΄
71%
Vincent van Gogh Netherlands Germany πŸ‡©πŸ‡ͺ
71%
Leonardo da Vinci Italy San Marino πŸ‡ΈπŸ‡²
71%
Colonel Gaddafi Libya Algeria πŸ‡©πŸ‡Ώ
57%
RenΓ© Magritte Belgium Luxembourg πŸ‡±πŸ‡Ί
57%
Steffi Graf Germany Switzerland πŸ‡¨πŸ‡­
57%
Pol Pot Cambodia Thailand πŸ‡ΉπŸ‡­
57%
Christian Benteke D.R. Congo Central African Republic πŸ‡¨πŸ‡«
43%
Eduardo Camavinga Cabinda, Angola Congo πŸ‡¨πŸ‡¬
43%
Megawati Soekarnoputri President Indonesia East Timor πŸ‡ΉπŸ‡±
43%
Confucius China Laos πŸ‡±πŸ‡¦
43%
Augusto Pinochet Chile Peru πŸ‡΅πŸ‡ͺ
43%
Idi Amin Uganda Rwanda πŸ‡·πŸ‡Ό
43%
Lionel Messi Argentina Bolivia πŸ‡§πŸ‡΄
29%
Jimmy Choo Shoe designer Malaysia Brunei πŸ‡§πŸ‡³
29%
Simon Bolivar Venezuela Guyana πŸ‡¬πŸ‡Ύ
29%
Kylian Mbappe France Brazil πŸ‡§πŸ‡·
14%
Samuel Eto'o Cameroon Chad πŸ‡ΉπŸ‡©
14%
Soufiane El Bakkali 3000m steeplechase champion Morocco Spain πŸ‡ͺπŸ‡Έ
14%
No matching quizzes found
Score Distribution
Percent of People with Each Score
Percentile by Number Answered
Your Score History
You have not taken this quiz